| 000 | 00923nam a22003017a 4500 | ||
|---|---|---|---|
| 001 | 0007086 | ||
| 003 | KOHA_MİRAKIL | ||
| 005 | 20260207001545.0 | ||
| 007 | ta | ||
| 008 | 090811b tu |||gr||||#||||0|tur | | ||
| 040 |
_aTR-BiSEU _btur _cTR-BiSEU _erda |
||
| 041 | 0 | _atur | |
| 044 | _ctu | ||
| 050 |
_aVK801 _b.P57 [t.y.] |
||
| 100 | 0 | _aPiri Reis. | |
| 245 | 1 |
_aKitab-ı Bahriyye : _bdenizcilik kitabı/ _cPiri Reis ; Piri Reis; editör Yavuz Senemoğlu. |
|
| 264 | 1 |
_a[y. y.] : _bTercüman _c[t.y.] |
|
| 300 | _a2 c.: harita | ||
| 336 |
_ametin _btxt _2rdacontent |
||
| 337 |
_aaracısız _bn _2rdamedia |
||
| 338 |
_acilt _bnc _2rdacarrier |
||
| 490 | 1 |
_aTercüman 1001 temel eser ; _v19. |
|
| 650 | 0 |
_aPiri Reis, ö. 1554. _917501 |
|
| 650 | 0 |
_aKitab-ı bahriye. _917502 |
|
| 650 | 0 |
_aDenizcilik 1800'den önceki yapıtlar. _917503 |
|
| 830 | 1 |
_aTercüman 1001 temel eser ; _v19. _912787 |
|
| 942 |
_2lcc _cBK |
||
| 999 |
_c7067 _d7067 |
||